<?xml version="1.0" encoding="UTF-8"?><?xml-stylesheet type="text/xsl" href="static/style.xsl"?><OAI-PMH xmlns="http://www.openarchives.org/OAI/2.0/" xmlns:xsi="http://www.w3.org/2001/XMLSchema-instance" xsi:schemaLocation="http://www.openarchives.org/OAI/2.0/ http://www.openarchives.org/OAI/2.0/OAI-PMH.xsd"><responseDate>2026-06-02T08:14:14Z</responseDate><request verb="GetRecord" identifier="oai:riuma.uma.es:10630/35745" metadataPrefix="marc">https://riuma.uma.es/rest/oai/request</request><GetRecord><record><header><identifier>oai:riuma.uma.es:10630/35745</identifier><datestamp>2026-02-03T10:22:05Z</datestamp><setSpec>com_10630_1685</setSpec><setSpec>col_10630_38055</setSpec></header><metadata><record xmlns="http://www.loc.gov/MARC21/slim" xmlns:dcterms="http://purl.org/dc/terms/" xmlns:doc="http://www.lyncode.com/xoai" xmlns:xsi="http://www.w3.org/2001/XMLSchema-instance" xsi:schemaLocation="http://www.loc.gov/MARC21/slim http://www.loc.gov/standards/marcxml/schema/MARC21slim.xsd">
   <leader>00925njm 22002777a 4500</leader>
   <datafield ind2=" " ind1=" " tag="042">
      <subfield code="a">dc</subfield>
   </datafield>
   <datafield ind2=" " ind1=" " tag="720">
      <subfield code="a">Kniazeva Pérez, Natalia</subfield>
      <subfield code="e">author</subfield>
   </datafield>
   <datafield ind2=" " ind1=" " tag="260">
      <subfield code="c">2024-12-12</subfield>
   </datafield>
   <datafield ind2=" " ind1=" " tag="520">
      <subfield code="a">En este documento se expone el desarrollo teórico-plástico de “I’ll be your mirror”: La identidad proyectada: una propuesta instalativa interactiva que trabaja, desde la superposición de imágenes en soportes translúcidos y el juego de luces y sombras que esto genera, la cuestión de la construcción identitaria en tiempos de simulacro y virtualidad.&#xd;
Las piezas que constituyen esta instalación son el resultado de un proceso de recopilación, reinterpretación y recombinación de imágenes de diversa procedencia (como la cultura visual o el archivo familiar) que, sirviéndose de la herencia del pop art y las prácticas autobiográficas contemporáneas conjugados con un enfoque entre lo íntimo y lo frívolo, permiten estudiar&#xd;
algunos de los aspectos más ambiguos de la experiencia identitaria actual: la totalidad fragmentada del yo, la contraposición ficción – objetividad en el relato de la propia experiencia, la interdependencia entre el individuo y la sociedad, la fusión entre lo privado y lo público o el debate de la autonomía en la autoconstrucción del sujeto.</subfield>
   </datafield>
   <datafield ind1="8" ind2=" " tag="024">
      <subfield code="a">https://hdl.handle.net/10630/35745</subfield>
   </datafield>
   <datafield tag="653" ind2=" " ind1=" ">
      <subfield code="a">Bellas Artes - Trabajos Fin de Grado</subfield>
   </datafield>
   <datafield tag="653" ind2=" " ind1=" ">
      <subfield code="a">Grado en Bellas Artes</subfield>
   </datafield>
   <datafield tag="653" ind2=" " ind1=" ">
      <subfield code="a">Arte</subfield>
   </datafield>
   <datafield ind2="0" ind1="0" tag="245">
      <subfield code="a">“I’ll be your mirror”: La identidad proyectada</subfield>
   </datafield>
</record>
</metadata></record></GetRecord></OAI-PMH>